Células de la sangre y proteínas del plasma / (Record no. 42928)

MARC details
000 -LEADER
campo de control de longitud fija 00790nam a2200229 i 4500
001 - NÚMERO DE CONTROL
campo de control 42928
003 - IDENTIFICADOR DE NÚMERO DE CONTROL
campo de control ES-MaACL
005 - FECHA Y HORA DE LA ÚLTIMA TRANSACCIÓN
campo de control 20230906160713.0
007 - CAMPO FIJO DE DESCRIPCIÓN FÍSICA--INFORMACIÓN GENERAL
campo de control de longitud fija t|
008 - DATOS DE LONGITUD FIJA--INFORMACIÓN GENERAL
campo de control de longitud fija 030314s1960 sp |||| | spa d
245 00 - MENCIÓN DEL TÍTULO
Título Células de la sangre y proteínas del plasma /
Mención de responsabilidad, etc. compilación de James L. Tullis ; traducción del inglés por Faustino Cordón.
260 ## - PUBLICACIÓN, DISTRIBUCIÓN, ETC.
Lugar de publicación, distribución, etc. Madrid :
Nombre del editor, distribuidor, etc. Revista de Occidente,
Fecha de publicación, distribución, etc. [1960]
300 ## - DESCRIPCIÓN FÍSICA
Extensión 517 p. :
Otras características físicas il. ;
Dimensiones 23 cm.
490 1# - MENCIÓN DE SERIE
Mención de serie Biblioteca Ibys de ciencia biológica
650 #4 - PUNTO DE ACCESO ADICIONAL DE MATERIA--TÉRMINO DE MATERIA
Término de materia o nombre geográfico como elemento de entrada Células sanguíneas.
9 (RLIN) 149259
650 #4 - PUNTO DE ACCESO ADICIONAL DE MATERIA--TÉRMINO DE MATERIA
Término de materia o nombre geográfico como elemento de entrada Plasma sanguíneo.
9 (RLIN) 169529
700 1# - ENTRADA AGREGADA--NOMBRE PERSONAL
Nombre de persona Tullis, James L.
9 (RLIN) 111669
700 1# - ENTRADA AGREGADA--NOMBRE PERSONAL
Nombre de persona Cordón, Faustino.
9 (RLIN) 40557
830 1# - PUNTO DE ACCESO ADICIONAL DE SERIE-TÍTULO UNIFORME
Título uniforme Biblioteca Ibys de ciencia biológica
9 (RLIN) 181969
852 ## - LOCALIZACIÓN
Ubicación ES-MaACL
Número de control de estantería C-18472
Holdings
Estatus retirado Estado de pérdida Estado de daño No para préstamo Biblioteca de origen Biblioteca actual Ubicación en estantería Fecha de adquisición Fuente de adquisición Total de préstamos Signatura topográfica completa Código de barras Visto por última vez Precio de reemplazo Tipo de ítem Koha
        Biblioteca del Ateneo de Madrid Biblioteca del Ateneo de Madrid Galería 17/01/2008     C-18472 1045184 23/02/2023 23/02/2023 Libro impreso